[Event "Balkan-ch U18"]
[Site "Pljevlja"]
[Date "2011.07.08"]
[Round "7"]
[White "Stanciu, Alexandru Ovidiu"]
[Black "Zecevic, Ivan"]
[Result "1-0"]
[WhiteElo "2369"]
[BlackElo "2019"]
[PlyCount "72"]
[EventDate "2011.07.02"]
[EventType "tourn"]
[EventRounds "9"]
[EventCountry "MNE"]
[SourceTitle "CBM 143 Extra"]
[Source "ChessBase"]
[SourceDate "2011.08.29"]
[SourceVersion "1"]
[SourceVersionDate "2011.08.29"]
[SourceQuality "1"]

1. c4 Nf6 2. Nc3 g6 3. e4 d6 4. d4 Bg7 5. f3 0-0 6. Bg5 c5 7. d5 h6 8. Be3 e6 9. Qd2 exd5 10. cxd5 Re8 11. Be2 a6 12. Bxh6 Nxe4 13. Nxe4 Qh4+ 14. g3 Qxh6 15. Qxh6 Bxh6 16. Nf6+ Kf8 17. Nxe8 Kxe8 18. f4 b5 19. a4 b4 20. Nf3 Nd7 21. 0-0-0 Nb6 22. Rhe1 Kf8 23. a5 Na4 24. Nd2 g5 25. fxg5 Bxg5 26. Kc2 Bf5+ 27. Kb3 Re8 28. Nc4 Bf6 29. Bf1 Rd8 30. Bd3 Bg4 31. Ra1 Nc3 32. bxc3 Bxc3 33. Rac1 Bxe1 34. Rxe1 Bd7 35. Nb6 Bb5 36. Bxb5 axb5 1-0

[Event "MNT-ch U18"]
[Site "Tivat"]
[Date "2011.03.28"]
[Round "4"]
[White "Pekovic, Dejan"]
[Black "Zecevic, Ivan"]
[Result "0-1"]
[WhiteElo "1741"]
[BlackElo "2022"]
[PlyCount "80"]
[EventDate "2011.03.26"]
[EventType "tourn"]
[EventRounds "9"]
[EventCountry "MNE"]
[SourceTitle "EXT 2020"]
[Source "ChessBase"]
[SourceDate "2019.10.17"]
[SourceVersion "1"]
[SourceVersionDate "2019.10.17"]
[SourceQuality "1"]

1. e4 c5 2. Nf3 Nc6 3. d4 cxd4 4. Nxd4 Nf6 5. Nc3 d6 6. Bc4 Bd7 7. 0-0 g6 8. h3 Bg7 9. Nf3 0-0 10. Re1 Rc8 11. Bb3 a6 12. Bf4 Nh5 13. Be3 b5 14. Rb1 Bxc3 15. bxc3 Ne5 16. Bh6 Ng7 17. Nxe5 dxe5 18. Qf3 e6 19. Rbd1 Qe7 20. Rd3 Bc6 21. Qg3 Qc7 22. f3 Rfd8 23. Red1 Rd7 24. Bg5 Nh5 25. Qf2 Nf4 26. Rxd7 Bxd7 27. Be7 Be8 28. Qh4 Qxc3 29. Qh6 Bc6 30. Rd6 Qe1+ 31. Kh2 Ne2 32. Qe3 Qg3+ 33. Kh1 Nf4 34. Qd2 Kg7 35. c4 bxc4 36. Bxc4 Bb5 37. Qb2 Bxc4 38. Qxe5+ Kh6 39. Rd2 Be2 40. Bf8+ Rxf8 0-1

[Event "MNT-chT"]
[Site "Cetinje"]
[Date "2010.09.12"]
[Round "6"]
[White "Marinkovic, Slavisa"]
[Black "Zecevic, Ivan"]
[Result "1-0"]
[WhiteElo "2410"]
[BlackElo "1995"]
[PlyCount "55"]
[EventDate "2010.08.27"]
[EventType "team-tourn"]
[EventRounds "9"]
[EventCountry "MNE"]
[SourceTitle "CBM 138 Extra"]
[Source "ChessBase"]
[SourceDate "2010.10.29"]
[SourceVersion "1"]
[SourceVersionDate "2010.10.29"]
[SourceQuality "1"]

1. e4 c5 2. Nf3 Nc6 3. d4 cxd4 4. Nxd4 Nf6 5. Nc3 d6 6. g3 g6 7. Nde2 Bg7 8. Bg2 0-0 9. 0-0 Bd7 10. h3 Rc8 11. Nd5 Nxd5 12. exd5 Ne5 13. a4 Nc4 14. Ra2 a6 15. b3 Na5 16. Be3 b5 17. axb5 axb5 18. Qd2 Nb7 19. Ra7 Nc5 20. Bd4 Bxd4 21. Nxd4 Ra8 22. Rfa1 Rxa7 23. Rxa7 e5 24. Nc6 Qe8 25. b4 Na4 26. c4 Nb6 27. cxb5 f5 28. Ra6 1-0

[Event "Wch U20 49th"]
[Site "Chotowa"]
[Date "2010.08.15"]
[Round "12"]
[White "Zecevic, Ivan"]
[Black "Jasiak, Filip"]
[Result "1/2-1/2"]
[WhiteElo "1995"]
[BlackElo "1757"]
[PlyCount "64"]
[EventDate "2010.08.03"]
[EventType "swiss"]
[EventRounds "13"]
[EventCountry "POL"]
[SourceTitle "CBM 137 Extra"]
[Source "ChessBase"]
[SourceDate "2010.09.01"]
[SourceVersion "1"]
[SourceVersionDate "2010.09.01"]
[SourceQuality "1"]

1. e4 c5 2. Nf3 d6 3. d4 cxd4 4. Qxd4 Nc6 5. Bb5 Bd7 6. Bxc6 bxc6 7. c4 Qb6 8. Qd3 g6 9. Nc3 Bg7 10. 0-0 Nf6 11. b3 0-0 12. h3 Qc7 13. Bb2 Rad8 14. Rad1 Bc8 15. Nd4 Nd7 16. Kh1 Nc5 17. Qe3 Ne6 18. Nce2 Nxd4 19. Bxd4 Bxd4 20. Nxd4 e5 21. Ne2 f5 22. exf5 Rxf5 23. Nc3 Qb6 24. c5 Qb4 25. Rxd6 Rxd6 26. cxd6 Qxd6 27. Qxa7 Qd3 28. Rc1 Qd2 29. Qe3 Rxf2 30. Qxd2 Rxd2 31. Rd1 Rxd1+ 32. Nxd1 Kf7 1/2-1/2

[Event "Wch U20 49th"]
[Site "Chotowa"]
[Date "2010.08.13"]
[Round "10"]
[White "Zecevic, Ivan"]
[Black "Green, Andrew"]
[Result "0-1"]
[WhiteElo "1995"]
[BlackElo "2172"]
[PlyCount "84"]
[EventDate "2010.08.03"]
[EventType "swiss"]
[EventRounds "13"]
[EventCountry "POL"]
[SourceTitle "CBM 137 Extra"]
[Source "ChessBase"]
[SourceDate "2010.09.01"]
[SourceVersion "1"]
[SourceVersionDate "2010.09.01"]
[SourceQuality "1"]

1. e4 c5 2. Nf3 d6 3. d4 cxd4 4. Qxd4 a6 5. c4 Nc6 6. Qd2 g6 7. h3 Nf6 8. Nc3 Bg7 9. Bd3 0-0 10. 0-0 Nd7 11. b3 Nc5 12. Bb2 f5 13. exf5 Nxd3 14. Qxd3 Bxf5 15. Qe2 Qd7 16. Rfe1 Bxh3 17. gxh3 Bxc3 18. Bxc3 Qxh3 19. Nd4 Qxc3 20. Nxc6 bxc6 21. Qxe7 Qf6 22. Qxf6 Rxf6 23. Rad1 Kf7 24. Re3 Re6 25. Red3 Ke7 26. R1d2 Rf8 27. c5 d5 28. Rd4 g5 29. Ra4 Ra8 30. Rb4 h5 31. Rd3 g4 32. Rb7+ Kf6 33. Kg2 Kg5 34. Rg7+ Kf5 35. Kg3 Rh8 36. Rf7+ Rf6 37. Rxf6+ Kxf6 38. Rd4 Ke5 39. Rd1 d4 40. b4 Rf8 41. a4 Rf3+ 42. Kh4 Kf5 0-1

[Event "Wch U20 49th"]
[Site "Chotowa"]
[Date "2010.08.12"]
[Round "9"]
[White "Parol, Pawel"]
[Black "Zecevic, Ivan"]
[Result "1/2-1/2"]
[WhiteElo "1764"]
[BlackElo "1995"]
[PlyCount "220"]
[EventDate "2010.08.03"]
[EventType "swiss"]
[EventRounds "13"]
[EventCountry "POL"]
[SourceTitle "CBM 137 Extra"]
[Source "ChessBase"]
[SourceDate "2010.09.01"]
[SourceVersion "1"]
[SourceVersionDate "2010.09.01"]
[SourceQuality "1"]

1. e4 c5 2. Nf3 Nc6 3. d4 cxd4 4. Nxd4 Nf6 5. Nc3 d6 6. Bg5 e6 7. Qd2 a6 8. 0-0-0 h6 9. Bf4 Bd7 10. Nxc6 Bxc6 11. f3 d5 12. exd5 Nxd5 13. Nxd5 Qxd5 14. Qxd5 Bxd5 15. Bd3 Rc8 16. Kb1 Be7 17. Rhe1 0-0 18. Be4 Bxe4 19. Rxe4 Rfd8 20. Red4 Kf8 21. Rxd8+ Rxd8 22. Rxd8+ Bxd8 23. c4 f6 24. Kc2 e5 25. Be3 Ke7 26. Kd3 Ke6 27. h3 h5 28. g4 g6 29. Bc5 f5 30. a3 e4+ 31. fxe4 fxg4 32. hxg4 h4 33. Ke3 h3 34. Kf3 h2 35. Kg2 Ke5 36. Kxh2 Kxe4 37. Bf8 Kd3 38. c5 Bf6 39. b4 Kc4 40. a4 Bc3 41. b5 axb5 42. axb5 Kxb5 43. Kg3 Bd4 44. Kf4 Bxc5 45. Bg7 Be7 46. g5 Kc4 47. Bf6 Bd6+ 48. Ke3 b5 49. Kd2 Bf4+ 50. Kc2 b4 51. Be7 b3+ 52. Kb2 Be5+ 53. Kb1 Kd5 54. Bd8 Ke6 55. Bb6 Kf5 56. Bd8 Ke4 57. Be7 Kd5 58. Bd8 Kc4 59. Be7 Bd4 60. Bf6 Bc5 61. Bd8 Kb4 62. Bf6 Ka4 63. Bd8 Bd6 64. Bf6 Bc5 65. Bd8 Bd6 66. Bf6 Bb4 67. Bd8 Bc3 68. Bf6 Kb4 69. Be7+ Kc4 70. Bf6 Bd4 71. Be7 Kd3 72. Bf6 Kc3 73. Be7 Kc4 74. Bf6 Kd5 75. Be7 Ke6 76. Bd8 Be5 77. Bb6 Kf5 78. Bd8 Bf4 79. Kb2 Bxg5 80. Bb6 Bf4 81. Bd8 Bg5 82. Bb6 Bf6+ 83. Kxb3 g5 84. Kc2 Kf4 85. Kd2 Kf3 86. Ke1 Kg2 87. Bc7 Bd4 88. Ke2 g4 89. Bd6 Bf2 90. Be5 Bg3 91. Bd4 Bd6 92. Bf2 Be7 93. Bd4 Kh3 94. Be5 Bh4 95. Kf1 Bg3 96. Bd4 Kh2 97. Bg1+ Kh1 98. Bd4 Bd6 99. Bf2 Be5 100. Be1 Kh2 101. Bf2 Kh3 102. Kg1 Bf6 103. Kh1 Be5 104. Kg1 Bg3 105. Kh1 Bh2 106. Be1 Bd6 107. Bf2 Bg3 108. Bg1 Be1 109. Bf2 Bd2 110. Be3 Bc3 1/2-1/2

[Event "Wch U20 49th"]
[Site "Chotowa"]
[Date "2010.08.04"]
[Round "2"]
[White "Arun, Karthik R"]
[Black "Zecevic, Ivan"]
[Result "1-0"]
[WhiteElo "2289"]
[BlackElo "1995"]
[PlyCount "79"]
[EventDate "2010.08.03"]
[EventType "swiss"]
[EventRounds "13"]
[EventCountry "POL"]
[SourceTitle "CBM 137 Extra"]
[Source "ChessBase"]
[SourceDate "2010.09.01"]
[SourceVersion "1"]
[SourceVersionDate "2010.09.01"]
[SourceQuality "1"]

1. e4 c5 2. Nf3 Nc6 3. d4 cxd4 4. Nxd4 Nf6 5. Nc3 d6 6. Nde2 g6 7. g3 Bg7 8. Bg2 0-0 9. 0-0 Bd7 10. b3 Ne5 11. Bb2 Rc8 12. Kh1 Qb6 13. h3 Rfd8 14. Nd5 Nxd5 15. exd5 Bb5 16. Rb1 Bxe2 17. Qxe2 Nd7 18. Bxg7 Kxg7 19. c4 Nf6 20. Qd2 Qc5 21. Rfe1 Rc7 22. b4 Qb6 23. Bf1 a6 24. a4 Qa7 25. a5 Qb8 26. Qd4 h5 27. Rb3 Qc8 28. Rbe3 Qd7 29. Kg2 Rdc8 30. Bd3 Re8 31. f3 e5 32. dxe6 fxe6 33. Bb1 d5 34. c5 Qf7 35. Re5 Kh7 36. g4 hxg4 37. hxg4 Rce7 38. Rh1+ Kg8 39. Rh6 Nd7 40. Rxe6 1-0

[Event "Bar op"]
[Site "Bar"]
[Date "2010.04.24"]
[Round "9"]
[White "Zecevic, Ivan"]
[Black "Dabetic, Radojica"]
[Result "0-1"]
[WhiteElo "1965"]
[BlackElo "2305"]
[PlyCount "261"]
[EventDate "2010.04.17"]
[EventType "swiss"]
[EventRounds "9"]
[EventCountry "MNE"]
[SourceTitle "CBM 135 Extra"]
[Source "ChessBase"]
[SourceDate "2010.05.04"]
[SourceVersion "1"]
[SourceVersionDate "2010.05.04"]
[SourceQuality "1"]

1. e4 c5 2. Nf3 Nc6 3. Bb5 e6 4. Bxc6 bxc6 5. 0-0 d5 6. d3 Ne7 7. Nc3 Ng6 8. Re1 Be7 9. Ne2 0-0 10. Nf4 Rb8 11. b3 Nxf4 12. Bxf4 Rb7 13. Qd2 f6 14. e5 Kh8 15. Rab1 Qe8 16. c4 Qh5 17. Qe2 f5 18. g3 h6 19. h4 Bd7 20. Kg2 Rfb8 21. Qd2 Bd8 22. Rh1 Kg8 23. Qc2 Be7 24. Qd2 Rb4 25. Qe2 Be8 26. Rbd1 Bf8 27. Rc1 R4b6 28. Qd2 Qf7 29. Be3 Qd7 30. h5 Bf7 31. Ng1 Rd8 32. Qe2 Qe8 33. Bd2 Rb7 34. Rc2 Kh8 35. Bc1 Rbd7 36. f4 a5 37. Bd2 Ra8 38. a4 Rb7 39. Rb2 Qd8 40. Bc3 Rab8 41. Qc2 Ra8 42. Qe2 Qe8 43. Qf3 Be7 44. Ne2 Bd8 45. Nc1 Rab8 46. Kf1 Rd7 47. Ke1 Bc7 48. Kf1 Rbd8 49. Kf2 Bg8 50. Kg2 Ra8 51. Kf2 Bh7 52. Ke1 Rf7 53. Ke2 Qd7 54. Rd2 Rg8 55. Kd1 Qe8 56. Rdh2 Bd8 57. Kc2 Rb7 58. Kb2 Rf8 59. Ka2 Rb8 60. Qd1 Rf7 61. Qe1 Ra7 62. Qd2 Bg8 63. Qe1 Rba8 64. Qe2 Be7 65. Qf3 Bf8 66. Bd2 Bh7 67. Ka3 g6 68. hxg6 Bxg6 69. Rh3 Rh7 70. Be1 h5 71. Ka2 Be7 72. Ka3 Kg8 73. Ka2 Bd8 74. Qe3 Bb6 75. Qf3 Raa7 76. Bf2 Rag7 77. Qe3 Qd7 78. Qe2 Be8 79. Ka3 d4 80. Qd2 Bd8 81. Be1 Rg4 82. Qf2 Rhg7 83. R1h2 Bg6 84. Ne2 Qb7 85. Rh1 Be8 86. R1h2 Kf8 87. Ka2 Ke7 88. Rh1 Kd7 89. Ka3 Kc8 90. Nc1 h4 91. Ne2 Bh5 92. R1h2 R7g6 93. gxh4 Qg7 94. Ng3 Rh6 95. Bd2 Kb7 96. Ka2 Kb6 97. Ka3 Qg6 98. Ka2 Kb7 99. Ka3 Rh7 100. Ka2 Rg7 101. Be1 Qh6 102. Ne2 Bc7 103. Ka3 Rg8 104. Bd2 R4g7 105. Rg3 Bg4 106. Ng1 Qh5 107. Rgg2 Bd8 108. Be1 Ka6 109. Ka2 Rg6 110. Qd2 Bc7 111. Ne2 Rh8 112. Ng3 Qh6 113. Rg1 Bh5 114. Rhg2 Rhg8 115. Kb2 Bf3 116. Rh2 Bh5 117. Bf2 Bxe5 118. Be1 Bc7 119. Ka3 Rg4 120. Qg2 Kb7 121. Rh3 Bxf4 122. Qh1 Bc7 123. Kb2 Qg6 124. Bf2 e5 125. Re1 Rf4 126. Qg1 Qh7 127. Qf1 Bf3 128. Rh2 e4 129. dxe4 fxe4 130. Ne2 Rf7 131. Nxd4 0-1

[Event "Bar op"]
[Site "Bar"]
[Date "2010.04.22"]
[Round "7"]
[White "Zecevic, Ivan"]
[Black "Rovcanin, Zeljko"]
[Result "0-1"]
[WhiteElo "1965"]
[BlackElo "2166"]
[PlyCount "82"]
[EventDate "2010.04.17"]
[EventType "swiss"]
[EventRounds "9"]
[EventCountry "MNE"]
[SourceTitle "CBM 135 Extra"]
[Source "ChessBase"]
[SourceDate "2010.05.04"]
[SourceVersion "1"]
[SourceVersionDate "2010.05.04"]
[SourceQuality "1"]

1. e4 d6 2. d4 Nf6 3. Nc3 g6 4. f4 Bg7 5. Nf3 0-0 6. Bd3 Na6 7. 0-0 c5 8. d5 Bg4 9. h3 Bxf3 10. Rxf3 Nd7 11. a3 Qa5 12. Bd2 c4 13. Bf1 Rac8 14. Rb1 b5 15. Na2 Qc7 16. Nb4 Nac5 17. Qe1 Rfe8 18. Bc3 Bxc3 19. bxc3 Qa5 20. Re3 e5 21. f5 gxf5 22. exf5 Kh8 23. Nc6 Qb6 24. Kh1 Qa6 25. Qh4 f6 26. Be2 Rxc6 27. dxc6 Qxc6 28. Bh5 Re7 29. Rbe1 d5 30. Rg3 Ne4 31. Rge3 Ndc5 32. Bf3 Ng5 33. Qh6 Nd7 34. Rxe5 Nf7 35. Re6 Nxh6 36. Rxe7 Ng8 37. R7e6 Qc5 38. Re8 Ne5 39. Bh5 Kg7 40. Rb8 a6 41. Kh2 Qc7 0-1

[Event "Bar op"]
[Site "Bar"]
[Date "2010.04.20"]
[Round "5"]
[White "Zecevic, Ivan"]
[Black "Mijovic, Stefan"]
[Result "0-1"]
[WhiteElo "1965"]
[BlackElo "2354"]
[PlyCount "112"]
[EventDate "2010.04.17"]
[EventType "swiss"]
[EventRounds "9"]
[EventCountry "MNE"]
[SourceTitle "CBM 135 Extra"]
[Source "ChessBase"]
[SourceDate "2010.05.04"]
[SourceVersion "1"]
[SourceVersionDate "2010.05.04"]
[SourceQuality "1"]

1. e4 c5 2. Nf3 e6 3. d4 cxd4 4. Nxd4 Nf6 5. Nc3 d6 6. g4 h6 7. Rg1 Nc6 8. Be3 g5 9. Qe2 a6 10. 0-0-0 Qc7 11. Qc4 Bd7 12. Nxc6 Qxc6 13. Qxc6 Bxc6 14. f3 Be7 15. Bd4 0-0 16. h4 Nd7 17. hxg5 hxg5 18. Rh1 Ne5 19. Be2 Kg7 20. Rh5 Rh8 21. Rdh1 Rxh5 22. Rxh5 Kg6 23. Rh3 Bf6 24. Be3 b5 25. Nd1 d5 26. Nf2 dxe4 27. fxe4 Rh8 28. Rxh8 Bxh8 29. b3 f5 30. gxf5+ exf5 31. exf5+ Kxf5 32. Bd4 Bf6 33. Bxe5 Bxe5 34. Bg4+ Kf6 35. Bc8 Bf4+ 36. Kb2 a5 37. Ng4+ Kg6 38. Kc3 Be4 39. b4 a4 40. Nf2 Bd5 41. Bd7 Bxa2 42. Bxb5 Be5+ 43. Kd2 a3 44. Nd3 Bb2 45. Nc1 Bb1 46. Bc4 g4 47. Na2 g3 48. Ke3 Bxc2 49. Kf3 Be5 50. Bd5 Bd3 51. Nc1 Bf1 52. Ne2 g2 53. Ng1 Bd4 54. Nh3 g1Q 55. Nxg1 Bxg1 56. Ke4 Bg2+ 0-1

[Event "MNT-chT 2nd League"]
[Site "Podgorica"]
[Date "2009.10.03"]
[Round "4"]
[White "Zecevic, Ivan"]
[Black "Ivanovic, Vojislav"]
[Result "0-1"]
[WhiteElo "1923"]
[BlackElo "2078"]
[PlyCount "100"]
[EventDate "2009.09.05"]
[EventType "team-tourn"]
[EventRounds "7"]
[EventCountry "MNE"]
[SourceTitle "EXT 2019"]
[Source "ChessBase"]
[SourceDate "2018.10.10"]
[SourceVersion "1"]
[SourceVersionDate "2018.10.10"]
[SourceQuality "1"]

1. e4 c6 2. d4 d5 3. Nc3 dxe4 4. Nxe4 Nd7 5. Nf3 Ngf6 6. Ng3 e6 7. Bd3 Bd6 8. 0-0 0-0 9. Qe2 Qc7 10. c3 Re8 11. Re1 e5 12. Qc2 g6 13. Bg5 exd4 14. Rxe8+ Nxe8 15. Nxd4 Ne5 16. Re1 Bd7 17. Be4 Ng7 18. b3 Re8 19. Bf6 Ng4 20. Bxg7 Kxg7 21. Rd1 Kg8 22. Bf3 Ne5 23. Ne4 Be7 24. Be2 a6 25. Ng3 c5 26. Nf3 Bc6 27. Nxe5 Qxe5 28. Rd3 Bg5 29. Rd1 h5 30. Bc4 Kg7 31. Bd3 h4 32. Nf1 Qd5 33. f3 Qe5 34. h3 b5 35. c4 b4 36. Qf2 a5 37. Be4 Bxe4 38. fxe4 Be7 39. Qf3 Bf6 40. Re1 Rd8 41. Nh2 Qc3 42. Qxc3 bxc3 43. Rc1 Rd2 44. Nf3 Bd4+ 45. Kh2 Rxa2 46. Nxd4 cxd4 47. c5 Kf6 48. c6 Ke6 49. e5 Re2 50. Kg1 c2 0-1

[Event "EU-ch U16 18th"]
[Site "Herceg Novi"]
[Date "2008.09.17"]
[Round "3"]
[White "Manasyan, Haik"]
[Black "Zecevic, Ivan"]
[Result "1-0"]
[WhiteElo "2048"]
[BlackElo "1853"]
[PlyCount "59"]
[EventDate "2008.09.15"]
[EventType "swiss"]
[EventRounds "9"]
[EventCountry "MNE"]
[SourceTitle "CBM 126 Extra"]
[Source "ChessBase"]
[SourceDate "2008.11.05"]
[SourceVersion "1"]
[SourceVersionDate "2008.11.05"]
[SourceQuality "1"]

1. d4 Nf6 2. c4 g6 3. Nc3 Bg7 4. e4 d6 5. f4 0-0 6. Nf3 c5 7. d5 e6 8. Be2 exd5 9. cxd5 Re8 10. Nd2 Bd7 11. a4 Na6 12. 0-0 Nb4 13. Bf3 b6 14. Nc4 Bc8 15. e5 dxe5 16. fxe5 Nd7 17. e6 Ne5 18. Nxe5 Bxe5 19. exf7+ Kxf7 20. d6 Rb8 21. Bc6+ Kg7 22. Bxe8 Qxe8 23. Bg5 Qc6 24. Qd2 Bf5 25. Nb5 a6 26. Rae1 Re8 27. Bh6+ Kg8 28. Rxf5 gxf5 29. Qg5+ Kf7 30. Qxf5+ 1-0

[Event "EU-ch U16 18th"]
[Site "Herceg Novi"]
[Date "2008.09.15"]
[Round "1"]
[White "Kaforos, Dimitrios Alkis"]
[Black "Zecevic, Ivan"]
[Result "1-0"]
[WhiteElo "2173"]
[BlackElo "1853"]
[PlyCount "45"]
[EventDate "2008.09.15"]
[EventType "swiss"]
[EventRounds "9"]
[EventCountry "MNE"]
[SourceTitle "CBM 126 Extra"]
[Source "ChessBase"]
[SourceDate "2008.11.05"]
[SourceVersion "1"]
[SourceVersionDate "2008.11.05"]
[SourceQuality "1"]

1. e4 c5 2. Nf3 Nc6 3. d4 cxd4 4. Nxd4 Nf6 5. Nc3 d6 6. Bg5 e6 7. Qd2 Be7 8. 0-0-0 Nxd4 9. Qxd4 0-0 10. f4 Qa5 11. Kb1 e5 12. Qd2 Bg4 13. Be2 Bxe2 14. Qxe2 exf4 15. Bxf4 Qb4 16. g4 Rac8 17. Bd2 Qc4 18. Qg2 b5 19. g5 b4 20. gxf6 Bxf6 21. Bh6 Bxc3 22. bxc3 Qxc3 23. Rhg1 1-0

[Event "MNT-ch int U14"]
[Site "Cetinje"]
[Date "2008.07.10"]
[Round "4"]
[White "Srbis, Jurica"]
[Black "Zecevic, Ivan"]
[Result "1/2-1/2"]
[WhiteElo "2021"]
[BlackElo "1853"]
[PlyCount "40"]
[EventDate "2008.07.07"]
[EventType "tourn"]
[EventRounds "9"]
[EventCountry "MNE"]
[SourceTitle "CBM 125 Extra"]
[Source "ChessBase"]
[SourceDate "2008.09.01"]
[SourceVersion "1"]
[SourceVersionDate "2008.09.01"]
[SourceQuality "1"]

1. e4 e5 2. Nf3 Nc6 3. Bb5 a6 4. Ba4 Nf6 5. 0-0 Be7 6. Re1 b5 7. Bb3 d6 8. c3 0-0 9. h3 Na5 10. Bc2 c5 11. d4 Qc7 12. b4 cxb4 13. cxb4 Nc4 14. Nbd2 Bd7 15. Nxc4 bxc4 16. a4 Rab8 17. Rb1 Rfc8 18. Re3 c3 19. Qd3 exd4 20. Qxd4 Qc4 1/2-1/2

[Event "MNT-ch int U14"]
[Site "Cetinje"]
[Date "2008.07.09"]
[Round "3"]
[White "Zecevic, Ivan"]
[Black "Pecurica, Milos"]
[Result "1/2-1/2"]
[WhiteElo "1853"]
[BlackElo "1942"]
[PlyCount "51"]
[EventDate "2008.07.07"]
[EventType "tourn"]
[EventRounds "9"]
[EventCountry "MNE"]
[SourceTitle "CBM 125 Extra"]
[Source "ChessBase"]
[SourceDate "2008.09.01"]
[SourceVersion "1"]
[SourceVersionDate "2008.09.01"]
[SourceQuality "1"]

1. e4 c5 2. Nf3 d6 3. d4 cxd4 4. Nxd4 Nf6 5. Nc3 Nc6 6. Bg5 e6 7. f4 h6 8. Bh4 Qb6 9. Ndb5 a6 10. Bf2 Qd8 11. Nd4 Be7 12. Be2 Qc7 13. a4 e5 14. fxe5 dxe5 15. Nb3 Bb4 16. Qd3 0-0 17. 0-0 Bxc3 18. bxc3 Rd8 19. Qe3 Bg4 20. Bh4 Bxe2 21. Qxe2 Rd6 22. Bxf6 Rxf6 23. Rxf6 gxf6 24. Qg4+ Kh7 25. Qf5+ Kg7 26. Rf1 1/2-1/2

[Event "Bar op-B"]
[Site "Bar"]
[Date "2008.03.29"]
[Round "1"]
[White "Batricevic, Jovo"]
[Black "Zecevic, Ivan"]
[Result "1-0"]
[WhiteElo "2176"]
[BlackElo "1820"]
[PlyCount "49"]
[EventDate "2008.03.29"]
[EventType "swiss"]
[EventRounds "9"]
[EventCountry "YUG"]
[SourceTitle "CBM 123 Extra"]
[Source "ChessBase"]
[SourceDate "2008.05.06"]
[SourceVersion "1"]
[SourceVersionDate "2008.05.06"]
[SourceQuality "1"]

1. d4 d5 2. Nc3 Nf6 3. Bg5 Bf5 4. f3 Nbd7 5. Qd2 e6 6. a3 c5 7. Bxf6 Nxf6 8. e4 dxe4 9. Bb5+ Ke7 10. fxe4 Bxe4 11. 0-0-0 a6 12. Qg5 Bd5 13. Be2 h6 14. Qg3 Rc8 15. Bf3 Qd6 16. Qf2 c4 17. Nge2 b5 18. Ng3 Qf4+ 19. Kb1 Bxf3 20. d5 Ng4 21. d6+ Kf6 22. Qa7 Qe3 23. Qd7 Bxd1 24. Nxd1 Qc5 25. Ne4+ 1-0